| 000 | 00426pab a2200169 454500 | ||
|---|---|---|---|
| 008 | 180718b2000 xxu||||| |||| 00| 0 eng d | ||
| 100 | _aGhosh, Arun | ||
| 245 | _aBiodiversity bill: the great hoax | ||
| 260 | _c2000 | ||
| 300 | _ap.12 | ||
| 362 | _a3 Oct | ||
| 650 | _aEnvironment - India | ||
| 650 | _aBiological diversity - India | ||
| 650 | _aBiological diversity | ||
| 773 | _aHindu(Business Line) | ||
| 909 | _a47960 | ||
| 999 |
_c47960 _d47960 |
||